00404nam a2200169Ia 4500008004000000041000800040082001200048100002100060245004500081260004300126650000900169650001100178650000700189650001700196650001200213650000900225210210b1937 xxu||||| |||| 00| 0 eng d aeng a825/796 aSMITH (D Nichol) aSome observations on 18th century poetry aLondonbOxford University Pressc1937 aSome apoetry aon aobservations acentury a18th